01748cam a22003735i 450000100090000000300090000900500170001800800410003502000250007602000220010104000430012308200190016610000530018524500780023825000190031626400480033526400100038330000450039333600260043833700280046433800270049249000280051950000290054750000210057650000240059752002720062165000600089365000590095365300540101294200120106699900170107895201390109595201400123417855499EG-ScBUE20250303110459.0130816t2014 nyua f 001 0 eng d a9780071822985 (pbk.) a0071822984 (pbk.) aEG-ScBUEbengerdacEG-ScBUEdEG-ScBUE04a519.2bHSU2221 aHsu, Hwei P.q(Hwei Piao),d1930-eauthor.9593210aProbability, random variables and random processes /cHwei P. Hsu., Ph.D. aThird edition. 1aNew York : bMcGraw-Hill Education,c[2014] 4cc2014 aix, 422 pages :billustrations ;c28 cm. 2rdacontentatextbtxt 2rdamediaaunmediatedbn 2rdacarrieravolumebnc0 aSchaum's outline series aPrevious edition : 2011. aIncludes index.  aIncludes appendix.  aWith 405 fully-solved problems plus 23 problem-solving videos available online, this guide may be used with the following courses: Probability, Random Processes, Stochastic Processes, Probability and Random Variables, and Introduction to Probability and Statistics.-- 7aProbabilities vProblems, exercises, etc.2BUEsh941266 7aStochastic processesvProblems, exercises, etc.2BUEsh bENGGENbCOMSCIcJune2015cAugust2015cOctober2015 2ddccBB c19919d19891 00102ddc40708AlahramaMAINbMAINc1STd2015-06-24ePurchaseg165.00h337l0o519.2 HSUp000039111r2025-07-15 00:00:00v206.25yBB 00102ddc40708BaccahaMAINbMAINc1STd2015-08-02epurchaseg176.00h21759l0o519.2 HSUp000039137r2025-07-15 00:00:00v220.00yBB